| 000 | 01519nkm a2200349 i 4500 | ||
|---|---|---|---|
| 001 | 4268 | ||
| 003 | ES-MaACL | ||
| 005 | 20250713063000.0 | ||
| 007 | khrbo | ||
| 008 | 070705s1988 sp --- g |001||spa d | ||
| 100 | 0 |
_aAlfonso, _d1902-1990 _919858 |
|
| 245 | 1 | 3 |
_aLa ley de sanidad [ _hFotografía] / _cAlfonso (sello). |
| 260 |
_a[S.l. : _bs.n.], _c1988. |
||
| 300 |
_a2 fot. : _bb. y n. ; _c12 x 18 cm. |
||
| 490 | 1 | _aJornadas sobre la sanidad a debate | |
| 500 | _aDatos basados en invitación. | ||
| 511 | 0 | _aIntervienen: José Prat, Javier Yuste Grijalba, Blas M. Agüera Martínez, Carlos Revilla, Javier Sánchez Caro, Jesús Alonso Sanz; coordinadora: Dominica Pérez de Castro. | |
| 518 | _aActo organizado por el Ateneo de Madrid, celebrado en el salón de actos el martes, 5 de abril de 1988, a las 20:00 h. | ||
| 600 | 1 | 4 |
_aPrat, José, _d1905-1994 _993665 |
| 600 | 1 | 4 |
_aYuste Grijalba, Javier. _9117763 |
| 600 | 1 | 4 |
_aAgüera Martínez, Blas M. _918659 |
| 600 | 1 | 4 |
_aRevilla, Carlos. _996425 |
| 600 | 1 | 4 |
_aSánchez Calero, Javier. _9102514 |
| 600 | 1 | 4 |
_aAlonso Sanz, Jesús. _920405 |
| 600 | 0 | 4 |
_aPérez de Castro, Dominica _990770 |
| 610 | 2 | 4 |
_aAteneo de Madrid- _xActos culturales- _y1988- _vFotografías. _91903 |
| 710 | 2 |
_aAteneo de Madrid. _91875 |
|
| 830 | 0 |
_aJornadas sobre la sanidad a debate _9177026 |
|
| 852 |
_aES-MaACL _jFOT 82/1988 |
||
| 856 | 4 |
_uhttp://www.ateneodemadrid.net/biblioteca_digital/imagenes/1988/0082-1988.jpg _zVer imagen |
|
| 999 |
_c4268 _d4268 |
||